[Event "19. Open Figueres Miquel Mas 2018"]
[Site "Figueres ESP"]
[Date "2018.08.11"]
[Round "3.3"]
[White "Parals Marce, Luis"]
[Black "Touzane, Olivier"]
[Result "0-1"]
[WhiteElo "2038"]
[BlackElo "2301"]
[PlyCount "90"]
[EventDate "2018.08.09"]
[EventType "swiss"]
[EventRounds "9"]
[EventCountry "ESP"]
[SourceTitle "Ajedrez en Madrid"]
[Source "lmi"]
[SourceDate "2018.08.09"]
[SourceVersion "1"]
[SourceVersionDate "2019.07.09"]
[SourceQuality "1"]

1. Nf3 g6 2. e4 Bg7 3. d4 d6 4. h3 Nf6 5. Nc3 O-O 6. Be3 e5 7. dxe5 dxe5 8.
Qxd8 Rxd8 9. Bc4 Nc6 10. O-O h6 11. Rfd1 Bd7 12. a3 a6 13. a4 Be8 14. Kf1 Rac8
15. Bd5 Rb8 16. Bxc6 bxc6 17. b3 Nd7 18. Nd2 Nf8 19. Nc4 Ne6 20. Nb2 f5 21. Nc4
Nd4 22. Na3 c5 23. Nd5 Kf7 24. exf5 gxf5 25. Rab1 f4 26. Bd2 Bc6 27. Nc3 f3 28.
g3 Bd7 29. h4 Bh3+ 30. Kg1 Bf5 31. Rbc1 Re8 32. Re1 c4 33. bxc4 Bf8 34. Nab1
Nxc2 35. Red1 c6 36. Be3 Nxe3 37. fxe3 Rbd8 38. e4 Bc5+ 39. Kh1 Bh3 40. Kh2 Bg2
41. Rc2 Rxd1 42. Rxg2 fxg2 43. Kxg2 Re1 44. Kf3 Re3+ 45. Kg2 Rg8 0-1

[Event "19. Open Figueres Miquel Mas 2018"]
[Site "Figueres ESP"]
[Date "2018.08.11"]
[Round "3.4"]
[White "Vilalta Vidal, Javier"]
[Black "Colls Gelaberto, Emili"]
[Result "0-1"]
[WhiteElo "1984"]
[BlackElo "2093"]
[PlyCount "78"]
[EventDate "2018.08.09"]
[EventType "swiss"]
[EventRounds "9"]
[EventCountry "ESP"]
[SourceTitle "Ajedrez en Madrid"]
[Source "lmi"]
[SourceDate "2018.08.09"]
[SourceVersion "1"]
[SourceVersionDate "2019.07.09"]
[SourceQuality "1"]

1. d4 Nf6 2. c4 g6 3. Nc3 Bg7 4. e4 d6 5. f4 O-O 6. Nf3 c5 7. d5 e6 8. Be2 exd5
9. cxd5 Na6 10. O-O Nc7 11. a4 a6 12. h3 Rb8 13. a5 b5 14. axb6 Rxb6 15. Qc2
Re8 16. Re1 Nb5 17. Bc4 Nd4 18. Qd3 Rb4 19. Ra4 Qb6 20. Nxd4 cxd4 21. Rxb4 Qxb4
22. Qxd4 Nxe4 23. Qd3 f5 24. Re2 Kf7 25. Nxe4 fxe4 26. Qc2 Bd7 27. b3 a5 28.
Bd2 Qb6+ 29. Be3 Bd4 30. Qd2 Bxe3+ 31. Rxe3 Qc5 32. Qe2 h5 33. Kh2 Qd4 34. g3
Bf5 35. Kg2 Re7 36. Kh2 Rc7 37. g4 hxg4 38. hxg4 Bxg4 39. Rxe4 Qh8+ 0-1

[Event "19. Open Figueres Miquel Mas 2018"]
[Site "Figueres ESP"]
[Date "2018.08.11"]
[Round "3.5"]
[White "Lorca Cortada, David"]
[Black "Rex, Torsten"]
[Result "1-0"]
[WhiteElo "2060"]
[BlackElo "1910"]
[PlyCount "102"]
[EventDate "2018.08.09"]
[EventType "swiss"]
[EventRounds "9"]
[EventCountry "ESP"]
[SourceTitle "Ajedrez en Madrid"]
[Source "lmi"]
[SourceDate "2018.08.09"]
[SourceVersion "1"]
[SourceVersionDate "2019.07.09"]
[SourceQuality "1"]

1. d4 Nf6 2. Bf4 c5 3. e3 cxd4 4. exd4 g6 5. c3 Bg7 6. Nf3 d6 7. Bc4 O-O 8. O-O
a6 9. a4 Bg4 10. h3 Bxf3 11. Qxf3 Qc7 12. Nd2 Nbd7 13. Qe2 Rae8 14. Nf3 Qc8 15.
Ba2 e5 16. dxe5 dxe5 17. Bh2 h6 18. Rad1 Kh7 19. Nd2 Nb6 20. a5 Nbd5 21. Nc4
Nf4 22. Qf3 Qc7 23. Rfe1 Re7 24. Bxf4 exf4 25. Rxe7 Qxe7 26. Qxf4 Qe6 27. Qe5
Qc6 28. Bb3 Re8 29. Qd6 Qe4 30. Ne3 Qe7 31. Qd3 Ne4 32. Bc2 f5 33. Qd7 Qe5 34.
Bxe4 Qxe4 35. Qd5 Qe7 36. Qc4 Be5 37. Rd5 Bb8 38. Qd3 Kh8 39. Rd7 Qe5 40. g3
Qe4 41. Qd5 Bxg3 42. Qxe4 Rxe4 43. Rxb7 Bd6 44. Rb6 f4 45. Nc4 Re1+ 46. Kg2 Bc5
47. Rc6 Bf8 48. Rxa6 g5 49. Rb6 Ra1 50. a6 h5 51. Ne5 Bg7 1-0

[Event "19. Open Figueres Miquel Mas 2018"]
[Site "Figueres ESP"]
[Date "2018.08.11"]
[Round "3.6"]
[White "Vinas Serra, Jaume"]
[Black "Parramon Ros, Francesc"]
[Result "0-1"]
[WhiteElo "1809"]
[BlackElo "2059"]
[PlyCount "52"]
[EventDate "2018.08.09"]
[EventType "swiss"]
[EventRounds "9"]
[EventCountry "ESP"]
[SourceTitle "Ajedrez en Madrid"]
[Source "lmi"]
[SourceDate "2018.08.09"]
[SourceVersion "1"]
[SourceVersionDate "2019.07.09"]
[SourceQuality "1"]

1. d4 c5 2. d5 e6 3. dxe6 fxe6 4. e4 d6 5. Nc3 Nc6 6. Nf3 Nf6 7. Bg5 Be7 8. Bb5
O-O 9. Bxc6 bxc6 10. e5 Nd5 11. Bxe7 Qxe7 12. exd6 Qxd6 13. O-O e5 14. Re1 Bg4
15. Ne4 Qh6 16. Ned2 Rab8 17. Rb1 Rb4 18. c4 Bxf3 19. Nxf3 Rxc4 20. Rxe5 Rg4
21. Ne1 Qf6 22. Re2 Nf4 23. Qb3+ c4 24. Qxc4+ Kh8 25. f3 Qd4+ 26. Qxd4 Nxe2+
0-1

[Event "19. Open Figueres Miquel Mas 2018"]
[Site "Figueres ESP"]
[Date "2018.08.11"]
[Round "3.8"]
[White "Izagirre Alsua, Aritz"]
[Black "Castella Margarit, Joan Enric"]
[Result "1-0"]
[WhiteElo "1875"]
[BlackElo "1679"]
[PlyCount "97"]
[EventDate "2018.08.09"]
[EventType "swiss"]
[EventRounds "9"]
[EventCountry "ESP"]
[SourceTitle "Ajedrez en Madrid"]
[Source "lmi"]
[SourceDate "2018.08.09"]
[SourceVersion "1"]
[SourceVersionDate "2019.07.09"]
[SourceQuality "1"]

1. e4 c6 2. d3 d5 3. Nd2 dxe4 4. dxe4 e5 5. Bc4 Nf6 6. Ngf3 Bg4 7. Bxf7+ Ke7 8.
Bc4 Nbd7 9. h3 Bh5 10. g4 Bf7 11. Bxf7 Kxf7 12. Ng5+ Ke8 13. Ne6 Qa5 14. c3 Nc5
15. Nc4 Rd8 16. Qxd8+ Qxd8 17. Nxd8 Kxd8 18. Nxe5 Kc8 19. f3 Be7 20. Be3 Re8
21. O-O-O Bf8 22. Nf7 h6 23. Rd2 Ncd7 24. Bf4 Bc5 25. Nd6+ Bxd6 26. Rxd6 Ne5
27. Bxe5 Rxe5 28. Rhd1 Re8 29. h4 Re5 30. Rxf6 gxf6 31. h5 Kc7 32. Rd3 a5 33.
a3 a4 34. Rd4 b5 35. Kd2 Re8 36. Ke3 c5 37. Rd5 Kc6 38. Kf4 b4 39. cxb4 cxb4
40. axb4 Rb8 41. b5+ Rxb5 42. Rxb5 Kxb5 43. Kf5 Kb4 44. Kxf6 Kb3 45. e5 Kxb2
46. e6 a3 47. e7 a2 48. e8=Q a1=Q 49. Qe5+ 1-0

[Event "19. Open Figueres Miquel Mas 2018"]
[Site "Figueres ESP"]
[Date "2018.08.11"]
[Round "3.11"]
[White "Vinolas Anglada, Jude Biel"]
[Black "Estruch Andreu, Guim"]
[Result "0-1"]
[WhiteElo "1458"]
[BlackElo "1728"]
[PlyCount "90"]
[EventDate "2018.08.09"]
[EventType "swiss"]
[EventRounds "9"]
[EventCountry "ESP"]
[SourceTitle "Ajedrez en Madrid"]
[Source "lmi"]
[SourceDate "2018.08.09"]
[SourceVersion "1"]
[SourceVersionDate "2019.07.09"]
[SourceQuality "1"]

1. e4 c5 2. Nf3 e6 3. d4 cxd4 4. Nxd4 a6 5. Nc3 Qc7 6. Be3 Nf6 7. Bd3 b5 8. Qd2
Bb7 9. f4 b4 10. Nce2 Bxe4 11. Ng3 Bxd3 12. Qxd3 Nc6 13. Nf3 Bd6 14. Qd2 O-O
15. O-O Nd5 16. Nh4 Nxe3 17. Qxe3 Ne7 18. Qd2 Nd5 19. Ne2 Rac8 20. Rac1 Bc5+
21. Nd4 Bxd4+ 22. Qxd4 Qc5 23. Qxc5 Rxc5 24. g3 Rfc8 25. Rf2 Ne3 26. Rd2 d5 27.
Nf3 Nc4 28. Rd4 Nxb2 29. Rb1 Rxc2 30. Rxb4 Nd3 31. Rb8 h6 32. Rxc8+ Rxc8 33.
Rd1 Nb2 34. Rd2 Rc1+ 35. Kf2 Nc4 36. Re2 Kh7 37. Ne5 Nxe5 38. fxe5 Kg6 39. Ke3
f6 40. Kd4 Rc4+ 41. Kd3 fxe5 42. Rxe5 Kf6 43. Re2 e5 44. Rb2 e4+ 45. Ke3 Ke5
0-1

[Event "19. Open Figueres Miquel Mas 2018"]
[Site "Figueres ESP"]
[Date "2018.08.11"]
[Round "3.13"]
[White "Vilanova Guardiola, Josep M."]
[Black "Voegeli, Max"]
[Result "1/2-1/2"]
[WhiteElo "1763"]
[BlackElo "1571"]
[PlyCount "79"]
[EventDate "2018.08.09"]
[EventType "swiss"]
[EventRounds "9"]
[EventCountry "ESP"]
[SourceTitle "Ajedrez en Madrid"]
[Source "lmi"]
[SourceDate "2018.08.09"]
[SourceVersion "1"]
[SourceVersionDate "2019.07.09"]
[SourceQuality "1"]

1. d4 d6 2. c4 Nf6 3. Nc3 Nbd7 4. e4 e5 5. Be3 c6 6. f3 Be7 7. Qd2 O-O 8. O-O-O
a5 9. d5 cxd5 10. Nxd5 Nxd5 11. cxd5 Nf6 12. Bd3 Bd7 13. Ne2 b5 14. g4 a4 15.
a3 Qa5 16. Qxa5 Rxa5 17. Bd2 Rc8+ 18. Kb1 Raa8 19. Bb4 Ne8 20. Rc1 Nc7 21. Rc3
Na6 22. Rhc1 Rxc3 23. Rxc3 Nxb4 24. axb4 Bd8 25. Ka2 Kf8 26. Rc2 Rb8 27. Nc3
Ke8 28. Rg2 Bg5 29. Kb1 Kd8 30. Rc2 Be3 31. h4 Bd4 32. Ne2 Bf2 33. h5 Be1 34.
Nc3 Bxc3 35. Rxc3 Rc8 36. Kc2 Rxc3+ 37. Kxc3 h6 38. Kd2 Kc7 39. Ke3 f6 40. Be2
1/2-1/2

[Event "19. Open Figueres Miquel Mas 2018"]
[Site "Figueres ESP"]
[Date "2018.08.11"]
[Round "3.16"]
[White "Mallol Descarrega, Gerard"]
[Black "Deulofeu Peramarch, Enric"]
[Result "1/2-1/2"]
[WhiteElo "1728"]
[BlackElo "1550"]
[PlyCount "57"]
[EventDate "2018.08.09"]
[EventType "swiss"]
[EventRounds "9"]
[EventCountry "ESP"]
[SourceTitle "Ajedrez en Madrid"]
[Source "lmi"]
[SourceDate "2018.08.09"]
[SourceVersion "1"]
[SourceVersionDate "2019.07.09"]
[SourceQuality "1"]

1. e4 c6 2. d4 d5 3. Nc3 e6 4. Nf3 dxe4 5. Nxe4 Nd7 6. Bd3 Ngf6 7. Bg5 h6 8.
Bh4 Be7 9. Qe2 O-O 10. O-O-O Nh5 11. Bxe7 Qxe7 12. Ne5 Nhf6 13. g4 Nd5 14. h4
Nxe5 15. dxe5 f5 16. Nd6 Nf4 17. Qf3 fxg4 18. Qxg4 b5 19. Be4 Bd7 20. Rhg1 Kh8
21. Rd4 c5 22. Bxa8 cxd4 23. Be4 b4 24. Rd1 Be8 25. Nxe8 Qxe8 26. Rxd4 Qb5 27.
Bd3 Qxe5 28. Re4 Nxd3+ 29. cxd3 1/2-1/2

[Event "19. Open Figueres Miquel Mas 2018"]
[Site "Figueres ESP"]
[Date "2018.08.11"]
[Round "4.1"]
[White "Vidal Zamora, Alex"]
[Black "Colls Gelaberto, Emili"]
[Result "1-0"]
[WhiteElo "2404"]
[BlackElo "2093"]
[PlyCount "101"]
[EventDate "2018.08.09"]
[EventType "swiss"]
[EventRounds "9"]
[EventCountry "ESP"]
[SourceTitle "Ajedrez en Madrid"]
[Source "lmi"]
[SourceDate "2018.08.09"]
[SourceVersion "1"]
[SourceVersionDate "2019.07.09"]
[SourceQuality "1"]

1. d4 Nf6 2. c4 g6 3. g3 Bg7 4. Bg2 O-O 5. Nc3 c6 6. e4 d6 7. Nge2 e5 8. O-O
Na6 9. f3 Qe7 10. Be3 exd4 11. Bxd4 Be6 12. b3 Nc7 13. Qd2 Rfd8 14. Kh1 Nfe8
15. Rae1 Bxd4 16. Nxd4 Bd7 17. f4 Ne6 18. Nf3 Nc5 19. Qd4 a5 20. h3 Bc8 21. Kh2
Nc7 22. Rf2 b5 23. cxb5 Nxb5 24. Qe3 Nxc3 25. Qxc3 Nxe4 26. Ng5 Nxc3 27. Rxe7
d5 28. Nxf7 Rd7 29. Rxd7 Bxd7 30. Ne5 Be8 31. Rc2 Nd1 32. Nxc6 Ne3 33. Rc3 Nxg2
34. Kxg2 Bxc6 35. Rxc6 Re8 36. Kf2 Re4 37. Rc5 d4 38. Re5 Rxe5 39. fxe5 Kf7 40.
Kf3 Ke6 41. Ke4 d3 42. Kxd3 Kxe5 43. Kc4 Ke4 44. Kb5 Kf3 45. Kxa5 Kxg3 46. b4
Kxh3 47. b5 g5 48. b6 g4 49. b7 g3 50. b8=Q g2 51. Qh8 1-0

[Event "19. Open Figueres Miquel Mas 2018"]
[Site "Figueres ESP"]
[Date "2018.08.11"]
[Round "4.2"]
[White "Parramon Ros, Francesc"]
[Black "Sole Pijuan, Ferran"]
[Result "1-0"]
[WhiteElo "2059"]
[BlackElo "2320"]
[PlyCount "43"]
[EventDate "2018.08.09"]
[EventType "swiss"]
[EventRounds "9"]
[EventCountry "ESP"]
[SourceTitle "Ajedrez en Madrid"]
[Source "lmi"]
[SourceDate "2018.08.09"]
[SourceVersion "1"]
[SourceVersionDate "2019.07.09"]
[SourceQuality "1"]

1. d4 d5 2. Bf4 Nf6 3. e3 c5 4. c3 Nc6 5. Nd2 e6 6. Ngf3 Bd6 7. Bg3 O-O 8. Bd3
b6 9. Qe2 Re8 10. Rd1 Qc7 11. dxc5 Bxg3 12. hxg3 e5 13. e4 Bg4 14. Qe3 d4 15.
Qg5 dxc3 16. bxc3 Kf8 17. Nc4 bxc5 18. Ne3 h6 19. Rxh6 gxh6 20. Qxf6 Be6 21.
Nh4 Qd8 22. Ng6+ 1-0

[Event "19. Open Figueres Miquel Mas 2018"]
[Site "Figueres ESP"]
[Date "2018.08.11"]
[Round "4.3"]
[White "Touzane, Olivier"]
[Black "Lorca Cortada, David"]
[Result "1-0"]
[WhiteElo "2301"]
[BlackElo "2060"]
[PlyCount "54"]
[EventDate "2018.08.09"]
[EventType "swiss"]
[EventRounds "9"]
[EventCountry "ESP"]
[SourceTitle "Ajedrez en Madrid"]
[Source "lmi"]
[SourceDate "2018.08.09"]
[SourceVersion "1"]
[SourceVersionDate "2019.07.09"]
[SourceQuality "1"]

1. d4 Nf6 2. Bf4 e6 3. e3 Be7 4. Nd2 d6 5. h3 Nbd7 6. Ngf3 b6 7. Bd3 Bb7 8. O-O
c5 9. a4 Nd5 10. Bh2 Nb4 11. Be2 O-O 12. c3 Nc6 13. Nc4 Nf6 14. dxc5 d5 15. Nd6
Bxd6 16. cxd6 Ne4 17. c4 Nb4 18. cxd5 Bxd5 19. Ne1 Qf6 20. f3 Nc5 21. e4 Bb3
22. Qd2 a5 23. Bb5 e5 24. Qc3 Qxd6 25. Qxe5 Qd2 26. Rf2 Qe3 27. Bf4 Nbd3 1-0

[Event "19. Open Figueres Miquel Mas 2018"]
[Site "Figueres ESP"]
[Date "2018.08.11"]
[Round "4.6"]
[White "Pau Plana, Albert"]
[Black "Vinas Serra, Jaume"]
[Result "0-1"]
[WhiteElo "2013"]
[BlackElo "1809"]
[PlyCount "52"]
[EventDate "2018.08.09"]
[EventType "swiss"]
[EventRounds "9"]
[EventCountry "ESP"]
[SourceTitle "Ajedrez en Madrid"]
[Source "lmi"]
[SourceDate "2018.08.09"]
[SourceVersion "1"]
[SourceVersionDate "2019.07.09"]
[SourceQuality "1"]

1. d4 c5 2. Nf3 cxd4 3. Nxd4 e5 4. Nb3 d5 5. g3 Nf6 6. Bg2 Be7 7. O-O O-O 8.
Bg5 e4 9. Nc3 Be6 10. a4 Nc6 11. a5 h6 12. Be3 Ng4 13. Bd4 Nxd4 14. Nxd4 Bb4
15. a6 Qe7 16. e3 Bxc3 17. bxc3 b6 18. c4 Nf6 19. cxd5 Bxd5 20. Qd2 Rad8 21.
Rfd1 Ba8 22. c4 Rc8 23. Bf1 g6 24. Nb5 Rfd8 25. Nd6 Rc7 26. Nf5 gxf5 0-1

[Event "19. Open Figueres Miquel Mas 2018"]
[Site "Figueres ESP"]
[Date "2018.08.11"]
[Round "4.7"]
[White "Pereira Garcia, Josep R."]
[Black "Vilalta Vidal, Javier"]
[Result "0-1"]
[WhiteElo "1688"]
[BlackElo "1984"]
[PlyCount "70"]
[EventDate "2018.08.09"]
[EventType "swiss"]
[EventRounds "9"]
[EventCountry "ESP"]
[SourceTitle "Ajedrez en Madrid"]
[Source "lmi"]
[SourceDate "2018.08.09"]
[SourceVersion "1"]
[SourceVersionDate "2019.07.09"]
[SourceQuality "1"]

1. e4 c5 2. Nf3 d6 3. d4 cxd4 4. Nxd4 Nf6 5. Nc3 g6 6. Be2 Bg7 7. Be3 O-O 8.
Qd2 Nc6 9. h4 h5 10. f4 Ng4 11. Nxc6 bxc6 12. Bd4 e5 13. fxe5 dxe5 14. Be3 Nxe3
15. Qxe3 Qb6 16. Qxb6 axb6 17. Rd1 Be6 18. a3 Rfd8 19. O-O Rd4 20. Bd3 Rad8 21.
b4 b5 22. Rb1 Ra8 23. Ra1 Bf8 24. Ne2 Rd7 25. Rfc1 Bh6 26. Rd1 Rda7 27. Nc1
Rxa3 28. Rxa3 Rxa3 29. Nb3 Bxb3 30. cxb3 Rxb3 31. Bc2 Rxb4 32. Rd8+ Kg7 33. Re8
c5 34. Rxe5 Be3+ 35. Kf1 Bd4 0-1

[Event "19. Open Figueres Miquel Mas 2018"]
[Site "Figueres ESP"]
[Date "2018.08.11"]
[Round "4.9"]
[White "Claret, Franck"]
[Black "Blanco Esquena, Ramon"]
[Result "1-0"]
[WhiteElo "1915"]
[BlackElo "1701"]
[PlyCount "39"]
[EventDate "2018.08.09"]
[EventType "swiss"]
[EventRounds "9"]
[EventCountry "ESP"]
[SourceTitle "Ajedrez en Madrid"]
[Source "lmi"]
[SourceDate "2018.08.09"]
[SourceVersion "1"]
[SourceVersionDate "2019.07.09"]
[SourceQuality "1"]

1. Nf3 Nf6 2. c4 d6 3. d4 Nbd7 4. g3 e5 5. Bg2 Be7 6. O-O O-O 7. Nc3 c6 8. Qc2
Re8 9. Rd1 Qc7 10. h3 Nf8 11. Be3 Ng6 12. Rac1 Bf8 13. Bg5 Nh5 14. e4 Be7 15.
Be3 Bd7 16. a3 Rac8 17. dxe5 dxe5 18. Bxa7 b6 19. Bxb6 Qxb6 20. Rxd7 1-0

[Event "19. Open Figueres Miquel Mas 2018"]
[Site "Figueres ESP"]
[Date "2018.08.11"]
[Round "4.16"]
[White "Voegeli, Max"]
[Black "Mallol Descarrega, Gerard"]
[Result "1/2-1/2"]
[WhiteElo "1571"]
[BlackElo "1728"]
[PlyCount "54"]
[EventDate "2018.08.09"]
[EventType "swiss"]
[EventRounds "9"]
[EventCountry "ESP"]
[SourceTitle "Ajedrez en Madrid"]
[Source "lmi"]
[SourceDate "2018.08.09"]
[SourceVersion "1"]
[SourceVersionDate "2019.07.09"]
[SourceQuality "1"]

1. Nf3 d5 2. b3 Nf6 3. Bb2 c5 4. d3 Nc6 5. g3 Bg4 6. Bg2 e6 7. Nbd2 Be7 8. O-O
O-O 9. e4 d4 10. Re1 Qc7 11. h3 Bh5 12. g4 Bg6 13. Nh4 Nd7 14. Nxg6 fxg6 15.
Nf3 Nde5 16. Bc1 Nxf3+ 17. Bxf3 Ne5 18. Bg2 Bh4 19. Rf1 Qf7 20. f4 Nc6 21. Bd2
Qc7 22. g5 h5 23. gxh6 Bf6 24. hxg7 Bxg7 25. Qg4 Qf7 26. Rf3 Nb4 27. Rg3 Nxc2
1/2-1/2

[Event "19. Open Figueres Miquel Mas 2018"]
[Site "Figueres ESP"]
[Date "2018.08.11"]
[Round "4.20"]
[White "Higueras Ruiz, Blai"]
[Black "Muntal Corrales, Arnau"]
[Result "0-1"]
[WhiteElo "1414"]
[BlackElo "1617"]
[PlyCount "46"]
[EventDate "2018.08.09"]
[EventType "swiss"]
[EventRounds "9"]
[EventCountry "ESP"]
[SourceTitle "Ajedrez en Madrid"]
[Source "lmi"]
[SourceDate "2018.08.09"]
[SourceVersion "1"]
[SourceVersionDate "2019.07.09"]
[SourceQuality "1"]

1. e4 c5 2. Nf3 e6 3. d3 Be7 4. Nc3 a6 5. g3 Qc7 6. Bg2 Nc6 7. O-O Nf6 8. a3
O-O 9. Re1 d6 10. d4 cxd4 11. Nxd4 Bd7 12. f4 d5 13. e5 Nxd4 14. f5 Ne8 15.
Bxd5 exd5 16. Nxd5 Qc5 17. Nxe7+ Qxe7 18. f6 Nxf6 19. Bg5 Qc5 20. Be3 Bc6 21.
Bxd4 Qd5 22. Re2 Qh1+ 23. Kf2 Ng4# 0-1

[Event "19. Open Figueres Miquel Mas 2018"]
[Site "Figueres ESP"]
[Date "2018.08.11"]
[Round "4.27"]
[White "Febrero Perez, Lluis"]
[Black "Idoate Arrazurria, Ricardo"]
[Result "1-0"]
[WhiteElo "1515"]
[BlackElo "1431"]
[PlyCount "41"]
[EventDate "2018.08.09"]
[EventType "swiss"]
[EventRounds "9"]
[EventCountry "ESP"]
[SourceTitle "Ajedrez en Madrid"]
[Source "lmi"]
[SourceDate "2018.08.09"]
[SourceVersion "1"]
[SourceVersionDate "2019.07.09"]
[SourceQuality "1"]

1. e4 e5 2. Nf3 Nc6 3. d4 exd4 4. Nxd4 Nxd4 5. Qxd4 d6 6. c4 Nf6 7. Bg5 Be7 8.
Nc3 O-O 9. Be2 c6 10. O-O Qb6 11. Qxb6 axb6 12. a3 Re8 13. Be3 Bd8 14. f3 d5
15. cxd5 cxd5 16. Bb5 Re6 17. Rad1 Be7 18. Nxd5 Nxd5 19. Rxd5 Kf8 20. Rc1 Rd6
21. Bf4 1-0

[Event "19. Open Figueres Miquel Mas 2018"]
[Site "Figueres ESP"]
[Date "2018.08.12"]
[Round "5.1"]
[White "Touzane, Olivier"]
[Black "Vidal Zamora, Alex"]
[Result "0-1"]
[WhiteElo "2301"]
[BlackElo "2404"]
[PlyCount "114"]
[EventDate "2018.08.09"]
[EventType "swiss"]
[EventRounds "9"]
[EventCountry "ESP"]
[SourceTitle "Ajedrez en Madrid"]
[Source "lmi"]
[SourceDate "2018.08.09"]
[SourceVersion "1"]
[SourceVersionDate "2019.07.09"]
[SourceQuality "1"]

1. d4 Nf6 2. c4 e6 3. Nc3 Bb4 4. Qc2 d5 5. cxd5 exd5 6. Bg5 Nbd7 7. e3 c6 8.
Bd3 Nf8 9. Nf3 Ne6 10. Bh4 g6 11. Ne5 Ng7 12. g4 Be7 13. h3 Nd7 14. Bg3 Nxe5
15. Bxe5 Bf6 16. Bxf6 Qxf6 17. O-O-O O-O 18. f4 Re8 19. Qf2 Bd7 20. Rhf1 Qe7
21. Rde1 f5 22. Rg1 Be6 23. Kb1 Rac8 24. Qf3 Rc7 25. Ne2 b6 26. g5 Bf7 27. Nc3
Qd6 28. h4 c5 29. Qf2 c4 30. Bf1 a6 31. Bg2 Qd7 32. Ne2 b5 33. Bf3 b4 34. Ng3
b3 35. Ne2 bxa2+ 36. Ka1 Rb7 37. Nc3 Rb3 38. Bd1 Rb4 39. Nxa2 Rb6 40. Qd2 Reb8
41. Rg2 Ne8 42. Qa5 Nd6 43. Bf3 Rb5 44. Qd2 Qe7 45. Kb1 Rb3 46. Rc1 Qb7 47. Rc3
Rb6 48. Ka1 Qc8 49. Ra3 Rb3 50. Nc3 Rxa3+ 51. bxa3 Rb3 52. Ka2 Nb5 53. Nxd5 Qf8
54. Qc1 Kg7 55. h5 Bxd5 56. h6+ Kh8 57. Bxd5 Nc3+ 0-1

[Event "19. Open Figueres Miquel Mas 2018"]
[Site "Figueres ESP"]
[Date "2018.08.12"]
[Round "5.2"]
[White "Colls Gelaberto, Emili"]
[Black "Parramon Ros, Francesc"]
[Result "1/2-1/2"]
[WhiteElo "2093"]
[BlackElo "2059"]
[PlyCount "34"]
[EventDate "2018.08.09"]
[EventType "swiss"]
[EventRounds "9"]
[EventCountry "ESP"]
[SourceTitle "Ajedrez en Madrid"]
[Source "lmi"]
[SourceDate "2018.08.09"]
[SourceVersion "1"]
[SourceVersionDate "2019.07.09"]
[SourceQuality "1"]

1. Nf3 d5 2. d4 e6 3. g3 Bd6 4. Bg2 f5 5. O-O Nf6 6. Bf4 Bxf4 7. gxf4 O-O 8.
Nbd2 Nbd7 9. e3 Ne4 10. Ne1 Nxd2 11. Qxd2 Nf6 12. Nd3 Bd7 13. Ne5 Be8 14. c4 c6
15. cxd5 exd5 16. Qc2 Ng4 17. b4 Rf6 1/2-1/2

[Event "19. Open Figueres Miquel Mas 2018"]
[Site "Figueres ESP"]
[Date "2018.08.12"]
[Round "5.3"]
[White "Sole Pijuan, Ferran"]
[Black "Nunez Colome, David"]
[Result "1-0"]
[WhiteElo "2320"]
[BlackElo "1970"]
[PlyCount "97"]
[EventDate "2018.08.09"]
[EventType "swiss"]
[EventRounds "9"]
[EventCountry "ESP"]
[SourceTitle "Ajedrez en Madrid"]
[Source "lmi"]
[SourceDate "2018.08.09"]
[SourceVersion "1"]
[SourceVersionDate "2019.07.09"]
[SourceQuality "1"]

1. d4 e6 2. c4 d5 3. Nc3 Be7 4. cxd5 exd5 5. Bf4 Nf6 6. e3 O-O 7. Bd3 c6 8. Qc2
Re8 9. Nf3 Nbd7 10. O-O Nf8 11. h3 Be6 12. Rab1 Rc8 13. b4 a6 14. Na4 Bd6 15.
Bxd6 Qxd6 16. Nc5 Rc7 17. Ne5 Bc8 18. a4 N6d7 19. Nexd7 Bxd7 20. Rb3 h6 21. Qb1
Ne6 22. Rc1 Bc8 23. b5 axb5 24. axb5 Nxc5 25. Rxc5 Rce7 26. bxc6 bxc6 27. Rb6
Bd7 28. Ra5 g6 29. Raa6 Re6 30. Qc2 Qc7 31. Qb2 Bc8 32. Ra8 f5 33. Qb4 f4 34.
e4 f3 35. g3 Kg7 36. e5 c5 37. dxc5 Qxe5 38. Rxe6 Qxe6 39. Ra7+ Kg8 40. Qd4 Bd7
41. Bf1 Re7 42. Qd3 Rf7 43. Ra8+ Kh7 44. Qc3 Rf6 45. Kh2 h5 46. h4 Qf5 47. Ra7
Kg8 48. Rxd7 d4 49. Qxd4 1-0

[Event "19. Open Figueres Miquel Mas 2018"]
[Site "Figueres ESP"]
[Date "2018.08.12"]
[Round "5.4"]
[White "Lorca Cortada, David"]
[Black "Claret, Franck"]
[Result "1-0"]
[WhiteElo "2060"]
[BlackElo "1915"]
[PlyCount "93"]
[EventDate "2018.08.09"]
[EventType "swiss"]
[EventRounds "9"]
[EventCountry "ESP"]
[SourceTitle "Ajedrez en Madrid"]
[Source "lmi"]
[SourceDate "2018.08.09"]
[SourceVersion "1"]
[SourceVersionDate "2019.07.09"]
[SourceQuality "1"]

1. d4 Nf6 2. Nf3 g6 3. c4 Bg7 4. g3 d6 5. Bg2 Nbd7 6. Nc3 c6 7. O-O O-O 8. e4
e5 9. b3 Rb8 10. Ba3 Qa5 11. Bb2 Qc7 12. Qd2 Re8 13. Rfe1 Nf8 14. h3 a6 15.
Rad1 Bd7 16. dxe5 dxe5 17. Ba3 Rbd8 18. Bd6 Qc8 19. Kh2 Be6 20. c5 N8d7 21. Na4
Bf8 22. Qc3 Bxd6 23. Rxd6 Qc7 24. Ng5 b5 25. Nb2 h6 26. Nxe6 Rxe6 27. Rxe6 fxe6
28. Rd1 Kf7 29. Nd3 Ra8 30. Rf1 a5 31. a3 g5 32. a4 bxa4 33. bxa4 Rb8 34. Kg1
Rb7 35. Rc1 g4 36. hxg4 Nxg4 37. Bf3 Ngf6 38. Kg2 Rb8 39. Rh1 Rh8 40. Nb2 Qb8
41. Nc4 Qb4 42. Nxe5+ Nxe5 43. Qxe5 Qxa4 44. Qc7+ Kg6 45. Rh4 Qb5 46. e5 Ne8
47. Be4+ 1-0